书目信息 |
| 题名: |
任正非内部讲话
|
|
| 作者: | 曲智 著 | |
| 分册: | ||
| 出版信息: | 北京 新世界出版社 2013.01 |
|
| 页数: | 219页 | |
| 开本: | 24cm | |
| 丛书名: | ||
| 单 册: | ||
| 中图分类: | F632.765.3 , K825.38=76 | |
| 科图分类: | ||
| 主题词: | 通信--邮电企业--企业管理--经验--深圳 , 邮电企业 , 企业管理 , 通信 | |
| 电子资源: | ||
| ISBN: | 978-7-5104-3030-5 | |
| 000 | 01036nam0 2200325 450 | |
| 001 | 010050021419 | |
| 005 | 20130609083100.70 | |
| 010 | @a978-7-5104-3030-5@dCNY27.50 | |
| 100 | @a20130108d2013 em y0chiy50 ea | |
| 101 | 0 | @achi |
| 102 | @aCN@b110000 | |
| 105 | @ay z 000yd | |
| 106 | @ar | |
| 200 | 1 | @a任正非内部讲话@9ren zheng fei nei bu jiang hua@e关键时,任正非说了什么@f曲智著 |
| 210 | @a北京@c新世界出版社@d2013.01 | |
| 215 | @a219页@d24cm | |
| 330 | @a本书共分为五篇,主要内容包括:关键时刻之草根创业 步履维艰,同心合力;关键时刻之狼性生存 末位淘汰,不懈创新等。 | |
| 517 | 1 | @a关键时,任正非说了什么@9guan jian shi,ren zheng fei shuo le shen me |
| 600 | 0 | @a任正非@f(1944-)@x生平事迹 |
| 600 | 0 | @a任正非@f(1944-) |
| 606 | 0 | @a通信@x邮电企业@x企业管理@x经验@y深圳 |
| 606 | 0 | @a邮电企业 |
| 606 | 0 | @a企业管理 |
| 606 | 0 | @a通信 |
| 610 | 0 | @a华为公司 |
| 690 | @aF632.765.3@v5 | |
| 690 | @aK825.38=76@v5 | |
| 701 | 0 | @a曲智@9qu zhi@4著 |
| 801 | 0 | @aCN@bRENTIAN@c20130108 |
| 905 | @dF632.765.3@e4 | |
| 任正非内部讲话:关键时,任正非说了什么/曲智著.-北京:新世界出版社,2013.01 |
| 219页;24cm |
| ISBN 978-7-5104-3030-5:CNY27.50 |
| 本书共分为五篇,主要内容包括:关键时刻之草根创业 步履维艰,同心合力;关键时刻之狼性生存 末位淘汰,不懈创新等。 |
| ● |
| 相关链接 |
|
|
|
|
正题名:任正非内部讲话
索取号:F632.765.3/4
 
预约/预借
| 序号 | 登录号 | 条形码 | 馆藏地/架位号 | 状态 | 备注 |
| 1 | 0545336 | 205453365 | 第一样本阅览室/ [索取号:F632.765.3/4] | 在馆 | |
| 2 | 0545337 | 205453374 | 第一借阅区/ [索取号:F632.765.3/4] | 在馆 | |
| 3 | 0545338 | 205453383 | 第一借阅区/ [索取号:F632.765.3/4] | 在馆 | |
| 4 | 0545339 | 205453392 | 第一借阅区/ [索取号:F632.765.3/4] | 在馆 | |
| 5 | 0545340 | 205453409 | 第一借阅区/ [索取号:F632.765.3/4] | 在馆 |